000 00562nam a2200217Ia 4500
003 GCL
008 140319s9999 xx 000 0 eng d
040 _aGCL /
_cGCL
082 0 4 _a005.43
_bP A
100 1 _aDA POZZO, PAOLO
245 1 0 _aAIDE-MEMOIRE D'UNIX /
_cDA POZZO, PAOLO
260 _a[S.N] :
_bMARABOUT UNIVERSITE ،
_c1993
300 _a384 P
490 _aMARABOUT
_v0
650 0 4 _aCOMPUTER SOFTWARE
650 0 4 _aUNIX
650 0 4 _aCOMPUTER SYSTEM
650 0 4 _aOPERATINGS SYSTEMS COMPUTERS
650 0 4 _aCOMPUTER PROGRM
942 _2ddc
_cBK
999 _c22721
_d22721